Ruth: (Record no. 3459)

000 -LEADER
fixed length control field 00678nam a2200205 a 4500
001 - CONTROL NUMBER
control field :::00001190$&:&@@
003 - CONTROL NUMBER IDENTIFIER
control field OkBaRHE
005 - DATE AND TIME OF LATEST TRANSACTION
control field 20000607103242.0
008 - FIXED-LENGTH DATA ELEMENTS--GENERAL INFORMATION
fixed length control field s1984 j 000 0 eng u
040 ## - CATALOGING SOURCE
Transcribing agency
100 1# - MAIN ENTRY--PERSONAL NAME
Personal name Mackenzie, Carine.
245 10 - TITLE STATEMENT
Title Ruth:
Remainder of title the harvest girl.
260 ## - PUBLICATION, DISTRIBUTION, ETC. (IMPRINT)
Place of publication, distribution, etc Ross-shire, UK:ST., :
Name of publisher, distributor, etc Christian Focus Publications
Date of publication, distribution, etc 1984
300 ## - PHYSICAL DESCRIPTION
Extent 31 p. : illus. ;
Dimensions 21 cm.
650 ## - SUBJECT ADDED ENTRY--TOPICAL TERM
Topical term or geographic name as entry element Bible Stories
650 ## - SUBJECT ADDED ENTRY--TOPICAL TERM
Topical term or geographic name as entry element Children's Stories
650 ## - SUBJECT ADDED ENTRY--TOPICAL TERM
Topical term or geographic name as entry element Ruth (Biblical Character)
942 ## - ADDED ENTRY ELEMENTS (KOHA)
Source of classification or shelving scheme
Koha item type Books
Copies
Total Checkouts Copy number Damaged status Source of classification or shelving scheme Current Location Shelving location Date checked out Not for loan Withdrawn status Full call number Lost status Koha item type Permanent Location Date last seen Date acquired Barcode Price effective from
21  RHEMA Bible Training CollegeGeneral Stacks2010-10-28  BS 551.2 .M3R8 BooksRHEMA Bible Training College2018-02-202010-04-1411902010-04-14